[Event "Satu Mare op 2nd"]
[Site "Satu Mare"]
[Date "2011.07.20"]
[Round "8"]
[White "Fenyvesi, Doina"]
[Black "Lazin, Robert Tamas"]
[Result "1/2-1/2"]
[WhiteElo "1875"]
[BlackElo "1692"]
[PlyCount "81"]
[EventDate "2011.07.15"]
[EventType "swiss"]
[EventRounds "9"]
[EventCountry "ROU"]
[SourceTitle "CBM 143 Extra"]
[Source "ChessBase"]
[SourceDate "2011.08.29"]
[SourceVersion "1"]
[SourceVersionDate "2011.08.29"]
[SourceQuality "1"]

1. e4 c6 2. c4 d5 3. cxd5 cxd5 4. e5 Nc6 5. Bb5 a6 6. Bxc6+ bxc6 7. d4 Bf5 8. Ne2 e6 9. 0-0 Bg4 10. Nbc3 Ne7 11. Qd3 Bxe2 12. Nxe2 Ng6 13. f4 Ne7 14. b4 Nf5 15. a3 a5 16. Bd2 axb4 17. axb4 Be7 18. g4 Nh4 19. Rxa8 Qxa8 20. Qh3 Qa2 21. Qc3 Qa6 22. Ng3 0-0 23. f5 Rb8 24. Ra1 Qb6 25. Qb2 Qxd4+ 26. Qxd4 Nf3+ 27. Kg2 Nxd4 28. f6 gxf6 29. exf6 Bxf6 30. Ra7 Nb5 31. Rd7 Bc3 32. Bxc3 Nxc3 33. Rc7 Rxb4 34. Rxc6 Nd1 35. h3 Rc4 36. Rd6 Kg7 37. Rd7 Rc2+ 38. Kg1 Ne3 39. Nh5+ Kg6 40. Nf4+ Kg7 41. Nxe6+ 1/2-1/2